Podeliť sa a zarobiť

Ľudia vlastnia byty, autá alebo iný majetok. Nepoužívajú ho však stále. Prečo by ho vtedy nemohol za poplatok využiť niekto iný? Majiteľ by si privyrobil, nájomca by nemusel kupovať novú vec a ušetrené peniaze by mohol minúť inak. Taká je myšlienka sharing economy - ekonomiky zdieľania. Podobných sl...

Ausführliche Beschreibung

Gespeichert in:
Bibliographische Detailangaben
1. Verfasser: Biel, Marián
Weitere Verfasser: Pavuk, Jozef
Format: Buchkapitel
Sprache:Slowakisch
Schlagworte:
Tags: Tag hinzufügen
Keine Tags, Fügen Sie das erste Tag hinzu!

MARC

LEADER 00000naa a2200000 4500
001 0182130
005 20231113100825.0
041 0 |a slo 
044 |a SK 
245 1 0 |a Podeliť sa a zarobiť  |c Marián Biel, Jozef Pavuk 
520 |a Ľudia vlastnia byty, autá alebo iný majetok. Nepoužívajú ho však stále. Prečo by ho vtedy nemohol za poplatok využiť niekto iný? Majiteľ by si privyrobil, nájomca by nemusel kupovať novú vec a ušetrené peniaze by mohol minúť inak. Taká je myšlienka sharing economy - ekonomiky zdieľania. Podobných služieb sú na svete stovky a púšťajú sa do nich aj Slováci. 
610 2 0 |a podnikanie 
610 2 0 |a podnikatelia 
610 2 0 |a služby 
610 2 0 |a siete sociálne 
610 2 0 |a internet 
100 1 |a Biel, Marián 
700 1 |a Pavuk, Jozef